1745 1037 1383 1370 1330 1361 1327 1604 1811 1982 1320 1685 1855 1727 1486 1182 1382 1984 1611 1768 1726 1941 1212 1736 1242 1213 1558 1646 1571 1223 1078 1288 1626 1226 1625 1178 1122 1404 1663 1357 1857 1467 1468 1826 1486 1095 1456 1024 1655 1318 1245 1631 1616 1702 1174 1183 1630 1445 1764 1136 1321 1814 1616 1858 1089 1551 1674 1702 1216 1568 1463 1422 1402 1190 1138 1414 1560 1236 1065 1447 1271 1490 1179 1233 1596 1787 1553 1152 1076 1120 1671 1675 1763 1406 1004 1984 1851 1220 1665 BCNSPRNW ULIB Ver.6.0+V

เปลี่ยนเป็นภาษาไทย

Change to English
 แสดงรายละเอียดบรรณานุกรม
  กลับหน้าหลัก

Brief Record : Get Marc (ISO 2709) : E-mail record : QR code < ปิดหน้าต่าง
LEADER : 00000nam 2200000uu 4500
001    13399109305
003     ULIB
008    110328s2546||||th 000 0 tha d
020    9749181034
060 04 WA540.KA8^bส652ป 2546
245 00 ไปดูการกระจายอำนาจด้านสุขภาพที่ออสเตรเลีย (13-26 กรกฎาคม2546) /^cบรรณาธิการ, ปรีดา แต้อารักษ์, รำไพ แก้ววิเชียร ; ผู้เขียน/สนับสนุนข้อมูลในการเขียน: ลือชา วนรัตน์ ... และคนอื่นๆ]
250    พิมพ์ครั้งที่ 1
260    [นนทบุรี] :^bกลุ่มสนับสนุนและพัฒนาการกระจายอำนาจด้านสุขภาพสำนักนโยบายและยุทธศาสตร์ กระทรวงสาธารณสุข,^c2546
300    80 หน้า :^bภาพประกอบ ;^c21 ซม.
650  7 การบริการสาธารณสุข^zออสเตรเลีย
650  7 การปฏิรูประบบบริการสาธารณสุข^zออสเตรเลีย
700 0  ลือชา วนรัตน์
700 0  ปรีดา แต้อารักษ์,^eบรรณาธิการ
700 0  รำไพ แก้ววิเชียร,^eบรรณาธิการ
710 2  กระทรวงสาธารณสุข. ^bสำนักนโยบายและยุทธศาสตร์.^bกลุ่มสนับสนุนและพัฒนาการกระจายอำนาจด้านสุขภาพ
945    ^p0^l0^i016055
945    ^p0^l0^i016054
945    ^p0^l0^i016056
995    ทศพร
999 ^a ใช้งานได้ทุกระบบ
รายการนี้ยังไม่มีแท็ก
คุณยังไม่ได้ล็อกอิน คุณสามารถมีกิจกรรมร่วมกับเว็บไซต์ได้ แต่ต้องล็อกอินก่อน ::
  ล็อกอิน

รายการสื่อสารสนเทศ

ลำดับที่ ประเภท เลขเรียก/บาร์โค้ด สถานที่ สถานะ
- ไม่พบข้อมูล -

BibComment


ยังไม่เคยถูกคอมเมนท์

คอมเมนท์ทรัพยากรรายการนี้
  คอมเมนท์: ไปดูการกระจายอำนา..


 Copyright 2026. Bcnsprnw @Library